| 000 | 01132cam a2200289 4500 | ||
|---|---|---|---|
| 008 | 090401t1996 xxu||||| |||| 00| 0 eng d | ||
| 020 | _a0854067906 | ||
| 035 | _a(Sirsi) u66584 | ||
| 041 | _aeng | ||
| 050 | _a711.58 | ||
| 090 | _aRICS 1996/96ABCD | ||
| 110 |
_aRoyal Institution of Chartered Surveyors _94900 |
||
| 245 | _aQuality of urban design : a study of the involvement of private property decision-makers in urban design. | ||
| 260 |
_aLondon _bRICS _c1996 |
||
| 300 | _avi,91p. : ill. ; 30cm. | ||
| 350 | _a14.95 | ||
| 520 | _aA research project carried out for the Department of the Environment and The Royal Institution of Chartered Surveyors by the Department of Land Management of Land Management and Development, University of Reading and DEGW. Copy D has revised front cover. | ||
| 650 | _aQUALITY IN TOWN AND COUNTRY | ||
| 650 | _aURBAN DESIGN | ||
| 650 | _aURBAN DEVELOPMENT | ||
| 690 | _aBUILT ENVIRONMENT-CONSTRUCTION DESIGN | ||
| 710 |
_aUnited Kingdom _bDepartment of the Environment _9982 |
||
| 710 |
_aUniversity of Reading _93273 |
||
| 710 | _aDEGW | ||
| 942 | _n0 | ||
| 948 | _c04/03/1997 | ||
| 999 |
_c94902 _d94902 |
||